Statistics for All Named Podracers in Star Wars, Episode 1

Click here to take the quiz!

General Stats

  • This quiz has been taken 23 times
    (22 since last reset)
  • The average score is 8 of 18

Answer Stats

Podracer% Correct
Anakin Skywalker
94%
Sebulba
94%
Aldar Beedo
53%
Mawhonic
53%
Ben Quadinaros
47%
Clegg Holdfast
47%
Dud Bolt
47%
Gasgano
47%
Ody Mandrell
47%
Ratts Tyrell
47%
Elan Mak
35%
Boles Roor
29%
Mars Guo
29%
Teemto Pagalies
29%
Wan Sandage
29%
Ark "Bumpy" Roose
24%
Ebe Endocott
24%
Neva Kee
18%

Score Distribution

Percentile by Number Answered

Percent of People with Each Score

Your Score History

You have not taken this quiz since the last reset